000 00713nam a2200289Ia 4500
005 20260324112014.0
008 008 260324s9999 xx 000 0 eng d
020 _a9781003387466
037 _aEBOOK
040 _aCRL
040 _beng
040 _cCRL
041 _2eng
041 _aeng
084 _qCRL
100 _aLucie Tungul
_91140916
245 0 _aEuropeanisation and Eurasianism in Turkey and Ukraine
245 0 _bBalancing between Integration and Autonomy
260 _bTaylor and Francis
260 _c2025
365 _a
365 _b230
856 _uhttp://www.taylorfrancis.com/books/9781003387466
942 _cEBOOK
999 _c1729935
_d1729935